Statistiques concernant Villes de l'Isère de plus de 10 000 hab

Cliquez ici pour prendre le quiz!

Statistiques générales

  • Ce quiz a été pris 45 fois
  • Le résultat moyen est 8 sur 16

Statistiques - réponses

VillePopulation% Correct
Grenoble156 064
100%
Vienne32 087
88%
Echirolles37 516
78%
Voiron21 080
78%
Bourgoin-Jallieu30 655
73%
Saint-Martin-d'Hères38 464
68%
Fontaine23 098
63%
Meylan19 250
50%
L'Isle-d'Abeau17 615
45%
Villefontaine19 083
45%
Saint-Égrève17 666
33%
Seyssinet-Pariset11 508
33%
Sassenage11 660
25%
Roussillon14 195
20%
Le Pont-de-Claix10 805
18%
Charvieu-Chavagneux11 070
5%

Distribution des résultats

Percentile par nombre de réponses

% des personnes avec chaque résultat

Votre développement - résultats

Vous n’avez pas pris ce quiz